000 00370nam a22001457a 4500
003 OSt
005 20160727222343.0
008 160620b xxu||||| |||| 00| 0 eng d
040 _cTest
100 _9162
_aCarrie, et al
245 _aThe Great White Buffalo Adventure
260 _aCanada
_b Creative
_c1994
300 _aThe Great White Buffalo Adventure
942 _2ddc
_cBK
999 _c133
_d133